000 00582nam a2200229 4500
001 1968
010 _a9789893798003
021 _aPT
_b548906/25
090 _a1968
100 _a20251118d2025 m||y0pory50030103ba
101 _apor
102 _aPT
200 _aMatilde
_fLuz Vieira da Silva
210 _aLisboa
_cPrimeiro CapĂ­tulo,
_d2025
215 _a341, [5] p.
_d24 cm
300 _aBMB-Registado
606 _9776
_aLiteratura Portuguesa
606 _9779
_aRomance
675 _a821.134.3-31
_vBMB
_zpor
700 _aSilva
_bLuz Vieira da
_92825
801 _aPT
_bBMB
_gRPC
990 _cLIVROS